| 000 | 00483nam a2200169Ia 4500 | ||
|---|---|---|---|
| 003 | GCL | ||
| 008 | 140319s9999 xx 000 0 ara d | ||
| 040 |
_aGCL / _cGCL |
||
| 082 | 0 | 4 |
_a216 _bس هـ |
| 100 | 1 | _aسعاد منسى | |
| 245 | 1 | 0 |
_aهذا هو اسلامهم (هدية من الاديب عبدالفتاح الجمل) / _cسعاد منسى |
| 300 | _a106 ص | ||
| 490 | _a | ||
| 650 | 0 | 4 | _aالاسلام |
| 650 | 0 | 4 | _aالدفاع عن الاسلام |
| 942 |
_2ddc _cBK |
||
| 999 |
_c42372 _d42372 |
||